| 000 | 00447nam a22001937a 4500 | ||
|---|---|---|---|
| 003 | MPLRDC | ||
| 005 | 20220104144137.0 | ||
| 008 | 210129b ||||| |||| 00| 0 eng d | ||
| 020 | _a962-357-483-5 | ||
| 082 | _a549.22 ZBM | ||
| 100 | _a张保民著 | ||
| 245 |
_a中国现代化的困境 _c |
||
| 250 | _a初版 | ||
| 260 |
_a _b明报出版社 _c1992 |
||
| 300 | _b平 | ||
| 490 | _a焦点文库 | ||
| 650 | _a | ||
| 942 |
_cBK _o549.22 ZBM |
||
| 999 |
_c46797 _d46787 |
||